000 00310nam a2200097Ia 4500
008 220120s9999||||xx |||||||||||||| ||und||
100 _aManasa, A.C
_912122
245 0 _aIndependent controle protection system
260 _aCoorg Institute of Technology
_bPonnampet
_c2008
650 _aELECTRONICS AND COMMUNICATIONS
999 _c137707
_d137707